Curso de matemáticas : (Record no. 13171)

MARC details
000 -CABECERA
campo de control de longitud fija 00787nam a2200205 a 4500
005 - FECHA Y HORA DE LA ÚLTIMA TRANSACCIÓN
campo de control 20220524063615.0
008 - ELEMENTOS DE LONGITUD FIJA--INFORMACIÓN GENERAL
campo de control de longitud fija 991125s1971 mx 000 0 spa u
035 ## - NÚMERO DE CONTROL DEL SISTEMA
Número de control de sistema UPN01000013171
049 ## - COLECCIÓN
Colección LT
050 #4 - SIGNATURA TOPOGRÁFICA DE LA BIBLIOTECA DEL CONGRESO
Número de clasificación LB1645 M6.1
Número de documento/Ítem P7.2 1971
100 1# - ASIENTO PRINCIPAL--NOMBRE PERSONAL
Nombre de persona Preciado Cisneros, Miguel
9 (RLIN) 29878
245 10 - MENCIÓN DE TÍTULO
Título Curso de matemáticas :
Resto del título libro primero /
Mención de responsabilidad, etc. Miguel Preciado Cisneros y Carlos Toral Gutiérrez
260 ## - PUBLICACIÓN, DISTRIBUCIÓN, ETC.
Lugar de publicación, distribución, etc. México :
Nombre del editor, distribuidor, etc. Progreso,
Fecha de publicación, distribución, etc. 1971
300 ## - DESCRIPCIÓN FÍSICA
Extensión 320 P. :
Otras características físicas il., col.
500 ## - NOTA GENERAL
Nota general "Aprobado por la Secretaría de Educación como libro de texto para las escuelas secundarias 1966. De acuerdo con los programas oficiales"
650 #4 - ASIENTO SECUNDARIO DE MATERIA - TERMINO TEMATICO
Término de materia o nombre geográfico como elemento de entrada Matemáticas
Subdivisión general Estudio y enseñanza (Secundaria)
9 (RLIN) 4860
700 2# - ASIENTO SECUNDARIO--NOMBRE DE PERSONAL
Nombre de persona Toral Gutiérrez, Carlos,
Término indicativo de función/relación coaut.
904 ## - ELEMENTOS DE DATOS D LOCAL, LDD (RLIN)
a AC
b 013172
905 ## - TIPO DE MATERIAL
Tipo de material Libro
Holdings
Estado de retiro Estado de pérdida Fuente del sistema de clasificación o colocación Estado dañado No para préstamo Código de colección Localización permanente Ubicación/localización actual Ubicación en estantería Enumeración/cronología de publicación seriada Total de préstamos Clasificación Código de barras Fecha visto por última vez Número de copia Tipo de ítem Koha Fecha de adquisición
    Library of Congress Classification   Coleccion LT Libros de texto Bib. Gregorio Torres Quintero Bib. Gregorio Torres Quintero Libros de Texto -   LB1645 M6.1 P7.2 1971 43728 31/12/2020 1 Libro  
    Library of Congress Classification   Disponible (Préstamo en sala) Libros de texto Bib. Gregorio Torres Quintero Bib. Gregorio Torres Quintero Colecciones especiales Planta alta -   LB1645 M6.1 P7.2 1971 42443 31/12/2020 1 Libro 25/05/2023
    Library of Congress Classification   Disponible (Préstamo en sala) Libros de texto Bib. Gregorio Torres Quintero Bib. Gregorio Torres Quintero Colecciones especiales Planta alta -   LB1645 M6.1 P7.2 1971 42442 31/12/2020 1 Libro 25/05/2023